The Oxford 3000 - Letter U - Translate from Polish to English - Statystyki

Ogólne statystyki
  • Ten quiz został rozwiązany 24 razy
  • Średni wynik to 31 z 50
Statystyki odpowiedzi
Polish Angielski % Poprawnych
parasol umbrella
92%
wujek uncle
92%
niewygodny; niekomfortowy uncomfortable
92%
pod; poniżej under
92%
rozumieć understand
92%
brzydki; nieprzyjemny ugly
85%
podziemny; pod ziemią underground
85%
bielizna underwear
85%
mundur; uniform uniform
85%
związek; unia union
85%
zjednoczony united
85%
nieznany unknown
85%
górny upper
85%
używać; użycie use
85%
zwykł(a/em) robić (w przeszłości) used to
85%
wszechświat universe
77%
uniwersytet university
77%
chyba że; jeśli nie unless
77%
nas; nam us
77%
użyteczny useful
77%
użytkownik user
77%
zwykły; typowy usual
77%
zwykle usually
77%
zrozumienie understanding
69%
wyjątkowy; unikalny unique
69%
w górę; na; do góry up
69%
używany; przyzwyczajony used
69%
bezrobotny unemployed
62%
bezrobocie unemployment
62%
nieszczęśliwy unhappy
62%
aż do; dopóki until
62%
niezdolny; nie móc unable
54%
niesprawiedliwy unfair
54%
jednostka unit
54%
aktualizować; aktualizacja update
54%
miejski urban
54%
niespodziewany; nieoczekiwany unexpected
46%
ostatecznie; w końcu ultimately
38%
niestety unfortunately
38%
mało prawdopodobny unlikely
38%
niepotrzebny unnecessary
38%
zdenerwowany; denerwować upset
38%
nieprzytomny; nieświadomy unconscious
31%
niezwykły unusual
31%
w przeciwieństwie do; niepodobny unlike
23%
nieprzyjemny unpleasant
15%
na górze; znajdujący się na górze upstairs
15%
nalegać; zachęcać, pragnienie(np. zemsty) urge
15%
na; po (formalnie) upon
8%
w górę upward
8%
Nie znaleziono quizów pasujących do podanych kryteriów
Rozkład punktacji
Procent ludzi z każdym wynikiem
Percentyl według liczby udzielonych odpowiedzi
Twoja historia wyników
Nie rozwiązałeś tego quizu